• 首页
  • 本馆介绍
  • 公告通知
  • 最新文献
  • 馆藏检索
  • 电子资源
  • 读者导购
  • 参考咨询
  • 我的图书馆
  • 登录
  • 详细信息显示
  • 放入我的书架
  • 预约/预借图书
  • 作者相关作品
  • 分类相关作品
  • 丛书相关作品
  • 出版社相关作品

书目信息

  • 表格格式
  • 工作单格式
  • 卡片格式
题名:
好快!10天背完2000越南语单词
    
 
作者: 阮秋庄著
分册:  
出版信息: 北京   中国纺织出版社  2019
页数: 211页
开本: 21cm
丛书名:
单 册:
中图分类: H449.34
科图分类:
主题词: 越南语--词汇
电子资源:
ISBN: 978-7-5180-5381-0
000 01008nam0 2200229 450
001 012001009337
005 20191029104809.23
010    @a978-7-5180-5381-0@dCNY45.00
100    @a20190731d2019 em y0chiy50 ea
101 0  @achi@avie
102    @aCN@b110000
105    @ay z 000yy
106    @ar
200 1  @a好快!10天背完2000越南语单词@b专著@f阮秋庄著
205    @a2版
210    @a北京@c中国纺织出版社@d2019
215    @a211页@d21cm
330    @a本书内容分为十大主题。统整同类型最常用、难易程度不等的字,有组织地学习,亦可减轻学习压力。另外,学习者在背单词的过程中,最常见的困扰就是记不住单词。因为我们太熟悉自己的母语,常常背了半天却只记住中文。所以在背单词时,最好的方法其实是全越南语,并搭配发音背诵来加强记忆。但是这种作法太困难了,所以本书另外搭配大量的插图来帮助记忆。在看本书的插图背单词时,请尽量看图、少看中文。相信这个方法可以帮助你实实在在地记住越南语单词。
606 0  @a越南语@x词汇
690    @aH449.34@v5
801  2 @aCN@b上海新华@c20191020
905    @b1187803-6@dH449.34@e12=2@f4
    
    好快!10天背完2000越南语单词/阮秋庄著.-2版.-北京:中国纺织出版社,2019
    211页;21cm
    
    
    ISBN 978-7-5180-5381-0:CNY45.00
    本书内容分为十大主题。统整同类型最常用、难易程度不等的字,有组织地学习,亦可减轻学习压力。另外,学习者在背单词的过程中,最常见的困扰就是记不住单词。因为我们太熟悉自己的母语,常常背了半天却只记住中文。所以在背单词时,最好的方法其实是全越南语,并搭配发音背诵来加强记忆。但是这种作法太困难了,所以本书另外搭配大量的插图来帮助记忆。在看本书的插图背单词时,请尽量看图、少看中文。相信这个方法可以帮助你实实在在地记住越南语单词。
●
相关链接 在E读中查询图书 在五车中查询图书 在当当中查询图书 在豆瓣中查询图书


正题名:好快!10天背完2000越南语单词     索取号:H449.34/12=2         预约/预借

序号 登录号 条形码 馆藏地/架位号 状态 备注
1 1187803   211878039   第二样本阅览室/ [索取号:H449.34/12=2] 在馆    
2 1187804   211878048   第四借阅区/ [索取号:H449.34/12=2] 在馆    
3 1187805   211878057   第四借阅区/ [索取号:H449.34/12=2] 在馆    
4 1187806   211878066   第四借阅区/ [索取号:H449.34/12=2] 在馆    
唐山师范学院图书馆 欢迎您!
大连网信软件有限公司© 版权所有